000 00592nam a2200193 a 4500
001 000037740
005 20201002031116.0
008 130305s1986 sp a 000 0 spa d
020 _a842067999X
040 _aDO-SdBNP
_bspa
_cBNPHU
100 1 _aJanson, H. W.
_964203
240 1 0 _aHistory of art. third editión
_lInglés
245 1 0 _aHistoria general del arte /
_cH. W Janson.
250 _aEd. rev. y ampliada
260 _aMadrid :
_bAlianza Editorial,
_c1986.
300 _a1315 p. :
_bils. ;
_c24 cm.
500 _aTraducido del idioma inglés
500 _aIncluye índice analítico
999 _c37230
_d37230